Estadística no paramétrica: aplicada a las ciencias de la conducta
Збережено в:
| Автор: | |
|---|---|
| Формат: | Книга |
| Мова: | Іспанська |
| Опубліковано: |
Ciudad de México
Trillas
1972
|
| Редагування: | 2a. ed |
| Серія: | Biblioteca técnica de psicología
|
| Предмети: | |
| Теги: |
Додати тег
Немає тегів, Будьте першим, хто поставить тег для цього запису!
|
MARC
| LEADER | 00000nam a2200000 a 4500 | ||
|---|---|---|---|
| 001 | UCY6151 | ||
| 003 | CL-VaPUC | ||
| 008 | 950521e19720000MX |||||||||||||||||spa|d | ||
| 082 | 0 | 4 | |a 519.5 |b SIE |2 21 |
| 100 | 0 | |a Siegel, Sidney |e author |9 335896 | |
| 245 | 1 | 0 | |a Estadística no paramétrica: aplicada a las ciencias de la conducta |
| 250 | |a 2a. ed | ||
| 300 | |a 343 p | ||
| 942 | |c BK | ||
| 945 | |d 19950521 00:00:00 |a cmena | ||
| 260 | |a Ciudad de México |b Trillas |c 1972 | ||
| 650 | 0 | |a Estadística matemática |9 260028 | |
| 650 | 7 | |a MUESTREO DE DATOS |2 CL-VaPUC |9 335048 | |
| 650 | 0 | |a Análisis de datos |9 269871 | |
| 650 | 7 | |a ESTADISTICAS NO PARAMETRICAS |2 CL-VaPUC |9 335897 | |
| 650 | 0 | |a Inferencia estadística |9 312855 | |
| 650 | 7 | |a CIENCIAS DEL COMPORTAMIENTO |2 CL-VaPUC |9 335898 | |
| 583 | |a last modification |c 20170510 01:41:12 |k Rodrigo Vera | ||
| 490 | 0 | |a Biblioteca técnica de psicología | |
| 999 | |c 233731 |d 233729 | ||
| 952 | |0 0 |1 0 |4 0 |6 519_500000000000000_SIE_1972 |7 0 |8 X |9 239440 |a BIBEDU |b BIBEDU |d 2019-11-18 |i 1504711 |o 519.5 SIE 1972 |p 1504711 |r 2023-01-13 |w 2019-11-18 |y BK_X |k EDU | ||
| 952 | |0 0 |1 0 |4 0 |6 519_500000000000000_SIE_1972 |7 0 |8 A |9 239442 |a BIBGIM |b BIBGIM |d 2019-11-18 |i 3275647 |l 1 |o 519.5 SIE 1972 |p 3275647 |r 2025-01-15 |s 2022-11-18 |w 2019-11-18 |y BK |k SSL | ||